| 000 | 00907cam a22002778a 4500 | ||
|---|---|---|---|
| 001 | 15771715 | ||
| 003 | OSt | ||
| 005 | 20150408114137.0 | ||
| 008 | 130806s2010 njua f 001 0 eng | ||
| 020 | _a9780321643636 | ||
| 040 | _aMa-Un | ||
| 082 | 0 | 0 |
_222 _a515 _bWMT |
| 100 | 1 | _aWeir, Maurice D. | |
| 245 | 1 | 0 |
_aThomas' calculus / _cMaurice D. Weir, Joel Hass, George B. Thomas. |
| 246 | 3 | 0 | _aCalculus |
| 250 |
_a12th ed. _bGlobal ed |
||
| 260 |
_aUpper Saddle River, NJ : _bPearson Education, _c2010. |
||
| 300 |
_a988 p. : _bill.; _c28 cm. _e+ 1CD |
||
| 500 | _aIncludes Index | ||
| 650 | 0 |
_aCalculus _vTextbooks. _94532 |
|
| 700 | 1 |
_aHass, Joel. _918135 |
|
| 700 | 1 |
_aThomas, George B., _cJr. _q(George Brinton), _d1914-2006. _936548 |
|
| 700 | 1 |
_aThomas, George B., _cJr. _q(George Brinton), _d1914-2006. _tCalculus. _936549 |
|
| 942 |
_2ddc _cBOOK |
||
| 999 |
_c30389 _d264889 |
||